Lokamānya Tilaka aura unakā yuga. (Record no. 59673)

MARC details
000 -LEADER
fixed length control field 00580cam a22002171 4500
001 - CONTROL NUMBER
control field sa 64006403
003 - CONTROL NUMBER IDENTIFIER
control field DLC
005 - DATE AND TIME OF LATEST TRANSACTION
control field 20260227112039.0
008 - FIXED-LENGTH DATA ELEMENTS--GENERAL INFORMATION
fixed length control field 890628s1963 ii c 000 0 hino
010 ## - LIBRARY OF CONGRESS CONTROL NUMBER
LC control number sa 64006403
035 ## - SYSTEM CONTROL NUMBER
System control number (OCoLC)19940455
040 ## - CATALOGING SOURCE
Original cataloging agency DLC
Transcribing agency WaU
Modifying agency DLC
042 ## - AUTHENTICATION CODE
Authentication code premarc
050 00 - LIBRARY OF CONGRESS CALL NUMBER
Classification number DS479.1.T54
Item number I5
100 1# - MAIN ENTRY--PERSONAL NAME
Personal name Vidyāvācaspati, Indra,
Dates associated with a name 1889-1960.
245 10 - TITLE STATEMENT
Title Lokamānya Tilaka aura unakā yuga.
260 ## - PUBLICATION, DISTRIBUTION, ETC.
Date of publication, distribution, etc. 1963.
300 ## - PHYSICAL DESCRIPTION
Extent 6, 233 (i.e. 243) p.
Other physical details port.
Dimensions 19 cm.
546 ## - LANGUAGE NOTE
Language note In Hindi.
600 10 - SUBJECT ADDED ENTRY--PERSONAL NAME
Personal name Tilak, Bal Gangadhar,
Dates associated with a name 1856-1920.

No items available.

Powered by Koha